000 01168nam a2200301 4500
001 0000019272
003 CO-CtgCURN
005 20250329190958.0
007 ta
008 160627s1999 000 0 eng d
020 _a9701504186
040 _aCO-CtgCURN
_bspa
_ccoctgcurn
082 0 _a624
_bV34m
100 1 _aVega de Kuyper, Juan Carlos.
245 1 0 _aManejo de residuos de la industria quĂ­mica y afin /
_cJuan Carlos Vega de Kuyper.
250 _a2a ed.
260 _aMexico :
_bAlfaomega,
_c1999.
300 _a166 p.
336 _2rdacontent
337 _2rdamedia
_asin mediacion
_bn
338 _2rdacarrier
_avolumen
_bnc
504 _aBibliografia (p. 159-162)
505 8 _aResiduos industriales.--Normativa chilena y gestion ambiental.--Marco legal en mexico.--Tratamiento de aguas residuales industriales.--Manejo de residuos industriales solidos.--Manejo de contaminantes atmosfericos.--Manejo de residuos industriales peligrosos.--Manejo de residuos de laboratorios
650 1 4 _aResiduos industriales.
908 _a160627
942 _cBK
_h624
_iV34m
_2ddc
999 _c10068
_d10068